Industrial activity and economic geography : (Record no. 28723)
[ view plain ]
| 000 -LEADER | |
|---|---|
| fixed length control field | 01346cam a22003375i 4500 |
| 001 - CONTROL NUMBER | |
| control field | 4453877 |
| 003 - CONTROL NUMBER IDENTIFIER | |
| control field | EG-ScBUE |
| 005 - DATE AND TIME OF LATEST TRANSACTION | |
| control field | 20200915142337.0 |
| 008 - FIXED-LENGTH DATA ELEMENTS--GENERAL INFORMATION | |
| fixed length control field | 990901t19641961enka f b 001 0 eng d |
| 035 ## - SYSTEM CONTROL NUMBER | |
| System control number | (OCoLC)ocn686007680 |
| 035 ## - SYSTEM CONTROL NUMBER | |
| System control number | 4453877 |
| 040 ## - CATALOGING SOURCE | |
| Original cataloging agency | DLC |
| Language of cataloging | eng |
| Description conventions | rda |
| Transcribing agency | OUN |
| Modifying agency | OCL |
| -- | UKM |
| -- | CtY-SSE |
| -- | EG-ScBUE |
| 082 04 - DEWEY DECIMAL CLASSIFICATION NUMBER | |
| Classification number | 338.6042 |
| Item number | EST |
| Edition number | 22 |
| 100 1# - MAIN ENTRY--PERSONAL NAME | |
| Personal name | Estall, Robert C., |
| Relator term | author. |
| 245 10 - TITLE STATEMENT | |
| Title | Industrial activity and economic geography : |
| Remainder of title | a study of the forces behind the geographical location of productive activity in manufacturing industry / |
| Statement of responsibility, etc | R. C. Estall, Lecturer in Geography at the London School of Economics and Political Science, R. Ogilvie Buchanan, Professor of Geography at London School of Economics and Political Science. |
| 250 ## - EDITION STATEMENT | |
| Edition statement | First edition. |
| 250 ## - EDITION STATEMENT | |
| Edition statement | Fourth impression. |
| 264 #1 - PUBLICATION, DISTRIBUTION, ETC. (IMPRINT) | |
| Place of publication, distribution, etc | London : |
| Name of publisher, distributor, etc | Hutchinson University Library, |
| Date of publication, distribution, etc | [1964] |
| 264 #4 - PUBLICATION, DISTRIBUTION, ETC. (IMPRINT) | |
| Date of publication, distribution, etc | c1961 |
| 300 ## - PHYSICAL DESCRIPTION | |
| Extent | 232 pages : |
| Other physical details | illustrations, maps ; |
| Dimensions | 19 cm. |
| 336 ## - CONTENT TYPE | |
| Content type term | text |
| Content type code | txt |
| Source | rdacontent |
| 337 ## - MEDIA TYPE | |
| Media type term | unmediated |
| Media type code | n |
| Source | rdamedia |
| 338 ## - CARRIER TYPE | |
| Carrier type term | volume |
| Carrier type code | nc |
| Source | rdacarrier |
| 490 0# - SERIES STATEMENT | |
| Series statement | Geography |
| 504 ## - BIBLIOGRAPHY, ETC. NOTE | |
| Bibliography, etc | Includes bibliographical references and index. |
| 650 #7 - SUBJECT ADDED ENTRY--TOPICAL TERM | |
| Topical term or geographic name as entry element | Industrial location. |
| Source of heading or term | BUEsh |
| 653 ## - INDEX TERM--UNCONTROLLED | |
| Resource For college | BAEPS, Economics |
| Arrived date list | September2020 |
| 700 1# - ADDED ENTRY--PERSONAL NAME | |
| Personal name | Buchanan, Robert Ogilvie, |
| Dates associated with a name | 1894-1980, |
| Relator term | author. |
| 942 ## - ADDED ENTRY ELEMENTS (KOHA) | |
| Source of classification or shelving scheme | Dewey Decimal Classification |
| Koha item type | Book - Borrowing |
| 948 ## - LOCAL PROCESSING INFORMATION (OCLC); SERIES PART DESIGNATOR (RLIN) | |
| Series part designator, SPT (RLIN) | REC |
| Withdrawn status | Lost status | Source of classification or shelving scheme | Damaged status | Not for loan | Collection code | Home library | Current library | Shelving location | Date acquired | Source of acquisition | Total Checkouts | Full call number | Barcode | Date last seen | Price effective from | Koha item type |
|---|---|---|---|---|---|---|---|---|---|---|---|---|---|---|---|---|
| Dewey Decimal Classification | unknown | Central Library | Central Library | First floor | 15/09/2020 | Purchase | 338.6042 EST | 000049645 | 15/07/2025 | 15/09/2020 | Book - Borrowing |